Oživovanie vývinom prekonaného modelu

Bibliographic Details
Main Author: Jurčo, Milan (Author)
Format: Article
Language:Slovak
Subjects:

MARC

LEADER 00000nab a2200000 a 4500
001 vtls000019410
003 SK-MaSNL
005 20260304073313.0
008 250423c1978 xo 0 slo
015 |a SNBRB19rr/mm-uuuuu 
035 |a CL0029504 
035 |a urn:nbn:sk:snk-abb7et 
035 |a (urnnbn)urn:nbn:sk:snk:ar-0001uc 
035 |a (uuid)1142307f-f739-4e1f-9a6b-c718ae1b62a7 
040 |a SNKBUCL  |b slo  |c SNKBUCL  |e AACR2 
041 0 |a slo 
044 |a xo  |c SK 
080 |a 82.09:885.4"19"  |2 1981 
080 |a 885.4"19"  |2 1981 
080 |a 885.4.09"19"  |2 1981 
080 |a 82(091)  |2 1981 
080 |a 885.4(091)"19"  |2 1981 
080 |a 92 Štiavnický, Ján  |2 1981 
100 1 |a Jurčo, Milan  |4 aut  |9 296407 
245 1 0 |a Oživovanie vývinom prekonaného modelu  |c Milan Jurčo 
650 0 7 |a požiarnictvo  |2 snkbucl  |9 1502 
650 0 7 |a hasiči  |2 snkbucl  |9 1505 
650 0 7 |a slovenské prózy  |2 snkbucl  |9 113495 
655 7 |a recenzie  |2 snkbucl  |9 21907 
655 7 |a články z odboru literárna veda a krásna literatúra  |2 snkbucl  |9 770045 
655 7 |a články z novín a časopisov  |2 snkbucl  |9 267496 
773 0 |t Romboid  |g Roč. 13, č. 10 (1978), s. 66-73 
787 0 8 |i Rec.:  |a Štiavnický, Ján  |t Horíí  |d Bratislava : Mladé letá, 1977 
850 |a Slovenská národná knižnica 
852 |a Slovenská národná knižnica 
958 |a article15 
958 |a RK 
958 |a LX 
958 |a OND 
958 |a EUIPO 
992 |a RBX 
999 |c 2770821  |d 2772751